| 000 -LEADER |
| fixed length control field |
00906cam a2200241 i 4500 |
| 003 - CONTROL NUMBER IDENTIFIER |
| control field |
OSt |
| 005 - DATE AND TIME OF LATEST TRANSACTION |
| control field |
20220407132506.0 |
| 006 - FIXED-LENGTH DATA ELEMENTS--ADDITIONAL MATERIAL CHARACTERISTICS--GENERAL INFORMATION |
| fixed length control field |
m |o d | |
| 008 - FIXED-LENGTH DATA ELEMENTS--GENERAL INFORMATION |
| fixed length control field |
190123t20202020enkab ob 001 0 eng |
| 020 ## - INTERNATIONAL STANDARD BOOK NUMBER |
| Cancelled/invalid ISBN |
9781138301986 |
| Qualifying information |
(paperback) |
| 040 ## - CATALOGING SOURCE |
| Original cataloging agency |
DLC |
| Language of cataloging |
eng |
| Description conventions |
rda |
| -- |
pn |
| Transcribing agency |
DLC |
| 050 00 - LIBRARY OF CONGRESS CALL NUMBER |
| Classification number |
TS171.4 |
| 082 00 - DEWEY DECIMAL CLASSIFICATION NUMBER |
| Classification number |
745.2 |
| Edition number |
23 |
| 100 1# - MAIN ENTRY--PERSONAL NAME |
| Personal name |
Penty, Jane, |
| Relator term |
author. |
| 245 10 - TITLE STATEMENT |
| Title |
Product design and sustainability : |
| Remainder of title |
strategies, tools, and practice / |
| Statement of responsibility, etc |
Jane Penty. |
| 300 ## - PHYSICAL DESCRIPTION |
| Extent |
1 online resource (xii, 363 pages) |
| 504 ## - BIBLIOGRAPHY, ETC. NOTE |
| Bibliography, etc |
Includes bibliographical references and index. |
| 505 0# - FORMATTED CONTENTS NOTE |
| Formatted contents note |
Concepts and context -- Strategies, tools and approaches -- In practice. |
| 650 #0 - SUBJECT ADDED ENTRY--TOPICAL TERM |
| Topical term or geographic name as entry element |
Industrial design |
| General subdivision |
Environmental aspects. |
| 650 #0 - SUBJECT ADDED ENTRY--TOPICAL TERM |
| Topical term or geographic name as entry element |
Sustainable design. |
| 776 08 - ADDITIONAL PHYSICAL FORM ENTRY |
| Display text |
Print version: |
| Title |
Product design and sustainability |
| Place, publisher, and date of publication |
Abingdon, Oxon ; Routledge, 2020. |
| International Standard Book Number |
9781138301979 |
| Record control number |
(DLC) 2019003362 |
| 942 ## - ADDED ENTRY ELEMENTS (KOHA) |
| Source of classification or shelving scheme |
|